000
00304nam a22001337a 4500
008
170508b xxu||||| |||| 00| 0 eng d
020
_a
9781558703322
041
_a
eng
080
_a
34
100
_a
14
101
_a
SHJ
245
_a
UNDERSTANDING AND USIND THE LAW
_c
JOHNSON.D
942
_2
udc
_c
BK
999
_c
12851
_d
12851